000 00597nam a2200229Ia 4500
003 OSt
005 20230622163850.0
008 210423s2005 xx 000 0 und d
020 _a978-0-521-54688-1
040 _cAL
041 _aeng
082 _a410.92
_223
_bSMIC
100 _aSMITH (Neil)
_9114182
245 _aChomsky: ideas and ideals Ed 2
260 _aNew York
_bCambridge University Press
_c2005
300 _axiv,282
_bPB
365 _b2952.95
_cGBP
650 _aLanguage
_9114183
650 _aLinguistics
_9114184
906 _aChomsky: ; ideals ; ideas
942 _2ddc
_cBK
999 _c167377
_d167377